[Event "Club Championships"]
[Site "Wellington Chess Club"]
[Date "2017.11.09"]
[Round "8.2.2"]
[White "Benitez, Edgar"]
[Black "Coghini, Phillip"]
[Result "1-0"]
[WhiteElo "1803"]
[BlackElo "1888"]

1. Nf3 Nf6 2. g3 d5 3. c4 e6 4. d4 Be7 5. Nc3 Nbd7 6. cxd5 exd5 7. Bg2 c6 8. a4
a5 9. O-O O-O 10. Re1 Bb4 11. Bg5 h6 12. Bd2 Re8 13. Qc1 Bf8 14. Bf4 Nh5 15.
Bd2 f5 16. e3 Kh7 17. Qc2 g6 18. Nh4 Qf6 19. Ne2 Ng7 20. Bc3 Bd6 21. Nf3 g5 22.
g4 Kg8 23. gxf5 Qxf5 24. Qxf5 Nxf5 25. Ng3 Nf6 26. Ne5 Nh4 27. Bh1 Ng4 28. f4
Nxe5 29. fxe5 Bb4 30. Rf1 Bxc3 31. bxc3 Rf8 32. Rxf8+ Kxf8 33. Rf1+ Kg8 34. Rf6
Bg4 35. e4 Kg7 36. exd5 c5 37. h3 Bd1 38. d6 cxd4 39. cxd4 Rf8 40. Rxf8 Kxf8
41. Bxb7 Bxa4 42. e6 Bb5 43. d5 a4 44. Bc6 1-0

[Event "Club Championships"]
[Site "Wellington Chess Club"]
[Date "2017.11.09"]
[Round "8.2.3"]
[White "Aldridge, Alan"]
[Black "Brockway, Andrew"]
[Result "1/2-1/2"]
[WhiteElo "1936"]
[BlackElo "1899"]

1. d4 Nf6 2. c4 e6 3. Nc3 Bb4 4. e3 O-O 5. Nf3 d6 6. Bd3 Nc6 7. Qc2 h6 8. O-O
Bxc3 9. bxc3 e5 10. d5 Nb8 11. Ba3 Re8 12. Nd2 Nbd7 13. Rae1 Nc5 14. Bxc5 dxc5
15. h3 Qe7 16. Ne4 Nxe4 17. Bxe4 g6 18. Qe2 f5 19. Bc2 Bd7 20. Rd1 Qd6 21. f3
Re7 22. Qf2 Kg7 23. e4 { (=) Draw agreed. } 1/2-1/2

[Event "Club Championships"]
[Site "Wellington Chess Club"]
[Date "2017.11.09"]
[Round "8.2.5"]
[White "Farrington, Lawrence"]
[Black "Chen, Wei Kai"]
[Result "0-1"]
[WhiteElo "1855"]
[BlackElo "1813"]

1. e4 e5 2. Nf3 Nc6 3. Nc3 Bb4 4. Bb5 d6 5. d4 exd4 6. Qxd4 Bxc3+ 7. Qxc3 Nf6
8. Bxc6+ bxc6 9. Qxc6+ Bd7 10. Qc4 O-O 11. O-O h6 12. Bd2 Rb8 13. Bc3 Bb5 14.
Qd4 Bxf1 15. Rxf1 Re8 16. Re1 c5 17. Qd3 d5 18. exd5 Rxe1+ 19. Nxe1 Qxd5 20. b3
Qe6 21. Kf1 Nd5 22. Bb2 Re8 23. Nf3 Nb6 24. c4 a5 25. Bc3 a4 26. Bb2 axb3 27.
axb3 Nd7 28. h3 Nf6 29. Qd2 Rb8 30. Qc3 Qd6 31. Qd2 Qb6 32. Kg1 Qxb3 33. Bxf6
gxf6 34. Qxh6 Qd1+ 35. Kh2 Qd6+ 36. g3 Qe6 37. Qf4 Rb2 38. Nh4 Rc2 39. Nf5 Rxc4
40. Qb8+ Kh7 41. g4 Qe5+ 42. Qxe5 fxe5 43. Nd6 Rf4 44. Kg3 c4 45. Nb5 Rf6 46.
f3 Rb6 47. Nc3 Rb3 48. Nd5 c3 49. Ne3 Rb2 0-1

[Event "Club Championships"]
[Site "Wellington Chess Club"]
[Date "2017.11.09"]
[Round "8.3.1"]
[White "Dixon, Hamish"]
[Black "Wevers, Alexis"]
[Result "1/2-1/2"]
[WhiteElo "1697"]
[BlackElo "1654"]

1. e4 c6 2. d4 d5 3. Bd3 dxe4 4. Bxe4 Nf6 5. Nc3 e6 6. Nge2 Bb4 7. O-O O-O 8.
Bg5 Be7 9. Qd3 Nxe4 10. Bxe7 Qxe7 11. Nxe4 Rd8 12. Qg3 Nd7 13. c3 1/2-1/2

[Event "Club Championships"]
[Site "Wellington Chess Club"]
[Date "2017.11.09"]
[Round "8.3.2"]
[White "Winter, Ryan"]
[Black "Sole, Michael"]
[Result "1-0"]
[WhiteElo "1711"]
[BlackElo "1632"]

1. e4 e6 2. d3 c5 3. Nd2 d5 4. Ngf3 Nc6 5. g3 Nf6 6. Bg2 g6 7. O-O Bg7 8. Re1
O-O 9. Qe2 b6 10. Nf1 h6 11. h4 Ba6 12. e5 Nd7 13. Bf4 Qc7 14. N1h2 c4 15. d4
Ne7 16. Qd2 c3 17. bxc3 Rac8 18. Bxh6 Qxc3 19. Qg5 Nf5 20. Ng4 Kh7 21. Bxg7
Kxg7 22. Nf6 Nxf6 23. exf6+ Kh7 24. h5 Rg8 25. Ne5 Nxd4 26. hxg6+ Rxg6 27. Qh5+
1-0

[Event "Club Championships"]
[Site "Wellington Chess Club"]
[Date "2017.11.09"]
[Round "8.4.1"]
[White "Jacobsen-Grocott, Josiah"]
[Black "Konakanchi, Karthik"]
[Result "0-1"]
[WhiteElo "1238"]
[BlackElo "1504"]

1. d4 d5 2. c4 e6 3. Nc3 Nf6 4. Bg5 Nbd7 5. Nf3 Be7 6. e3 O-O 7. Bd3 b6 8. O-O
Bb7 9. cxd5 exd5 10. Qc2 Re8 11. Nb5 Ba6 12. Bf4 Bxb5 13. Bxb5 c5 14. Qa4 a6
15. Bc6 Ra7 16. Ne5 Qc8 17. Bg5 Rd8 18. Nxd7 Raxd7 19. Bxd7 Rxd7 20. Rac1 Qc7
21. Qxa6 Ng4 22. Bf4 Bd6 23. Qe2 h5 24. h3 Nf6 25. Bg5 Ne4 26. Qxh5 Bh2+ 27.
Kh1 Rd6 28. Qh4 Rg6 29. Bf4 Bxf4 30. Qxf4 Qd7 31. g4 Rh6 32. Kg2 Qe7 33. f3 Nd2
34. Rf2 Nc4 35. Rc3 cxd4 36. Qxd4 Qh4 37. Qxd5 Qxh3+ 0-1

[Event "Club Championships"]
[Site "Wellington Chess Club"]
[Date "2017.11.09"]
[Round "8.4.2"]
[White "Hall, Nathan"]
[Black "Leask, Hamish"]
[Result "0-1"]
[WhiteElo "1278"]
[BlackElo "1570"]

1. e4 d5 2. exd5 Nf6 3. b3 Nxd5 4. Bb2 Bf5 5. Nf3 Nb4 6. Nd4 Bg6 (6... Qxd4 $5
7. Bxd4 Nxc2+ 8. Ke2 Nxd4+ 9. Ke3 Nc2+ 10. Kf4 e6) 7. Na3 c5 8. Bb5+ Nd7 9. Nf3
a6 10. Bxd7+ Qxd7 11. O-O f6 12. Bc3 b5 13. d4 e6 14. Re1 Rd8 15. Qd2 Nc6 16.
d5 Qxd5 17. Qxd5 Rxd5 18. Rxe6+ Kd7 19. Rae1 Rd6 20. R6e3 b4 21. Nc4 bxc3 22.
Nxd6 Bxd6 23. Rxc3 Nb4 24. Rd1 Kc6 25. Ne5+ Bxe5 0-1

[Event "Club Championships"]
[Site "Wellington Chess Club"]
[Date "2017.11.09"]
[Round "8.4.3"]
[White "Tagos, Bernardo"]
[Black "Darr, Samuel"]
[Result "1-0"]
[WhiteElo "1483"]
[BlackElo "1444"]

1. c4 e5 2. Nc3 Nf6 3. d3 d5 4. cxd5 Nxd5 5. g3 Be6 6. Bg2 Nc6 7. Nf3 Qd7 8.
Ng5 h6 9. Nxe6 fxe6 10. O-O O-O-O 11. a3 Bc5 12. Ne4 Bb6 13. Bd2 Rhf8 14. Rc1
Rf7 15. b4 Nd4 16. a4 a6 17. e3 Nc6 18. b5 axb5 19. axb5 Na7 20. Nc5 Bxc5 21.
Rxc5 Nxb5 22. Qa4 c6 23. Qxb5 b6 24. Qxc6+ 1-0

[Event "Club Championships"]
[Site "Wellington Chess Club"]
[Date "2017.11.09"]
[Round "8.4.4"]
[White "Zhao, Aiden"]
[Black "Kibblewhite, Daniel"]
[Result "0-1"]
[WhiteElo "1279"]
[BlackElo "1400"]

1. e4 e6 2. Nc3 d5 3. exd5 exd5 4. d4 Nf6 5. Bg5 h6 6. Bxf6 Qxf6 7. Nxd5 Qe6+
8. Qe2 Qxe2+ 9. Bxe2 Bd6 10. O-O-O O-O 11. Nf3 Be6 12. Bc4 Nc6 13. g3 Nb4 14.
Nxb4 Bxc4 15. Ne5 Be6 16. Rhe1 Bxb4 17. c3 Bd6 18. Rd3 Bxa2 19. Nd7 Rfe8 20.
Rde3 Rxe3 21. Rxe3 f6 22. Nc5 Bxc5 23. dxc5 Kf7 24. Re4 Bd5 25. Rd4 Bc6 26. Kd2
Ke7 27. Re4+ Bxe4 0-1

[Event "Club Championships"]
[Site "Wellington Chess Club"]
[Date "2017.11.09"]
[Round "8.4.5"]
[White "De Briey, Aurian"]
[Black "He, Paul"]
[Result "1-0"]
[WhiteElo "1549"]
[BlackElo "1142"]

1. d4 Nf6 2. c4 g6 3. Nc3 Bg7 4. e4 d6 5. Nf3 O-O 6. Bd3 Nbd7 7. Bg5 c5 8. d5
Nb6 9. h3 e6 10. O-O exd5 11. exd5 Qc7 12. Re1 a6 13. Qc2 Bd7 14. Ne4 Nxe4 15.
Rxe4 f6 16. Bf4 Bf5 17. Re3 Bxd3 18. Qxd3 f5 19. Rb1 Rae8 20. Ng5 Rxe3 21. Bxe3
Re8 22. Ne6 Qc8 23. Nxg7 Kxg7 24. b3 Nd7 25. Qc3+ Ne5 26. f4 Kf7 27. fxe5 dxe5
28. Qa5 e4 29. Qxc5 Qxc5 30. Bxc5 f4 31. Rd1 e3 32. Re1 Rd8 33. g3 g5 34. Kg2
Kf6 35. Kf3 Kf5 36. gxf4 gxf4 37. Rd1 Rd7 38. d6 1-0

[Event "Club Championships"]
[Site "Wellington Chess Club"]
[Date "2017.11.09"]
[Round "8.4.6"]
[White "Stannard, Bobby"]
[Black "Bennett, Ezra"]
[Result "0-1"]
[WhiteElo "1369"]
[BlackElo "1427"]

1. d4 Nf6 2. c4 g6 3. Nc3 Bg7 4. Bg5 d6 5. Nf3 Nbd7 6. e3 O-O 7. Bd3 c5 8. d5
b6 9. O-O Bb7 10. Re1 Ng4 11. Qd2 Nge5 12. Nxe5 Nxe5 13. e4 f6 14. Bf4 Nxd3 15.
Qxd3 Qd7 16. Bg3 Rae8 17. f4 f5 18. e5 a6 19. h3 dxe5 20. fxe5 e6 21. d6 f4 22.
Bh4 f3 23. gxf3 Rxf3 24. Qe2 Rxh3 25. Bf6 Rh1+ 0-1

[Event "Club Championships"]
[Site "Wellington Chess Club"]
[Date "2017.11.09"]
[Round "8.4.8"]
[White "Konakanchi, Pramodh"]
[Black "Asher, Bruce"]
[Result "1-0"]
[WhiteElo "1106"]
[BlackElo "1258"]

1. e4 e5 2. Nf3 Nc6 3. Bc4 Nf6 4. Nc3 Bb4 5. a3 Ba5 6. O-O d6 7. h3 O-O 8. d3
h6 9. Bd2 a6 10. b4 Bb6 11. Na4 d5 12. exd5 Nxd5 13. b5 axb5 14. Bxb5 Ba5 15.
Bxc6 Bxd2 16. Qxd2 bxc6 17. Nc5 Re8 18. c4 Nf4 19. Qe3 f6 20. Qe4 Qd6 21. Nb3
Nxd3 22. Rad1 Rxa3 23. Rxd3 Qb4 24. Rb1 Bb7 25. Nfd2 c5 26. Qf5 e4 27. Re3 Ba6
28. Qd5+ Kf8 29. Nxc5 Bc8 30. Rxb4 1-0

[Event "Club Championships"]
[Site "Wellington Chess Club"]
[Date "2017.11.10"]
[Round "7.4.4"]
[White "Darr, Samuel"]
[Black "De Briey, Aurian"]
[Result "1-0"]
[WhiteElo "1444"]
[BlackElo "1549"]

1. e4 c6 2. d4 d5 3. e5 Bf5 4. Nf3 e6 5. Be3 Qb6 6. Qc1 c5 7. c3 Nc6 8. Nbd2
cxd4 9. cxd4 Bb4 10. a3 Bxd2+ 11. Qxd2 Nge7 12. b4 O-O 13. Bd3 Rac8 14. O-O
Bxd3 15. Qxd3 Nf5 16. Rfd1 Rc7 17. Rac1 Rfc8 18. h3 Nce7 19. Rc5 Nxe3 20. fxe3
Rxc5 21. dxc5 Qc6 22. Nd2 b6 23. cxb6 axb6 24. e4 Qc2 25. Qxc2 Rxc2 26. Nf1 h6
27. exd5 Nxd5 28. Rd2 Rc1 29. Kf2 Kf8 30. Ne3 Nxe3 31. Kxe3 Re1+ 32. Kd4 Ke7
33. Rf2 f6 34. exf6+ gxf6 35. Kc4 Re5 36. Rf4 f5 37. Rh4 b5+ 38. Kd4 Re2 39.
Kc5 Re3 40. Kxb5 Rxa3 41. Rxh6 Rg3 42. Kc6 Rxg2 43. b5 Rg8 44. b6 Rc8+ 45. Kb7
Kd7 46. Rh7+ Kd8 47. Rh8+ 1-0

[Event "Club Championships"]
[Site "Wellington Chess Club"]
[Date "2017.11.10"]
[Round "8.1.1"]
[White "Sellen, Ian"]
[Black "Nijman, Brian"]
[Result "1-0"]
[WhiteElo "2056"]
[BlackElo "2147"]

1. c4 c6 2. Nf3 d5 3. d4 Nf6 4. Nc3 dxc4 5. e4 b5 6. e5 Nd5 7. Bd2 Bf5 8. Nh4
Nxc3 9. bxc3 Be4 10. Qg4 Bd5 11. Be2 e6 12. O-O Nd7 13. a4 f5 $4 14. Qh5+ Ke7
15. Bg5+ Nf6 16. exf6+ gxf6 17. Bf4 Bg7 18. Rfe1 Kd7 19. axb5 cxb5 20. Qf7+ Qe7
21. Qxe7+ Kxe7 22. Nxf5+ Kf8 23. Bd6+ Kf7 24. Bh5+ 1-0

[Event "Club Championships"]
[Site "Wellington Chess Club"]
[Date "2017.11.16"]
[Round "9.1.1"]
[White "Forster, Bill"]
[Black "Sellen, Ian"]
[Result "0-1"]
[WhiteElo "2093"]
[BlackElo "2056"]

1. d4 d5 2. c4 e6 3. Nc3 Nf6 4. cxd5 exd5 5. Bg5 Be7 6. e3 O-O 7. Bd3 Nbd7 8.
Nge2 Re8 9. Qc2 c6 10. O-O Nf8 11. f3 h6 12. Bh4 Ne6 13. Bf2 b6 14. e4 dxe4 15.
Nxe4 Bb7 16. Nxf6+ Bxf6 17. Rfd1 Qe7 18. Ng3 Rad8 19. Qa4 a6 20. Nf5 Qf8 21.
Rac1 g6 22. d5 Rxd5 23. Ng3 b5 24. Qc2 Nd4 25. Qb1 Qg7 26. Ne4 Red8 27. Nc5 Bc8
28. b4 Bg5 29. Be4 Ne2+ 30. Kf1 Nxc1 31. Bxd5 Rxd5 32. Rxd5 cxd5 33. h4 Bf5 34.
Ne4 dxe4 35. hxg5 Qc3 36. fxe4 Be6 37. gxh6 Bc4+ 38. Kg1 Bd3 0-1

[Event "Club Championships"]
[Site "Wellington Chess Club"]
[Date "2017.11.16"]
[Round "9.1.2"]
[White "Timergazi, Layla"]
[Black "Nyberg, Michael"]
[Result "1-0"]
[WhiteElo "2158"]
[BlackElo "2101"]

1. d4 Nf6 2. c4 e6 3. Nc3 Bb4 4. g3 c5 5. Nf3 cxd4 6. Nxd4 Nc6 7. Bg2 Qa5 8.
Nxc6 Bxc3+ 9. bxc3 dxc6 10. O-O Qxc3 $4 11. Qd6 $1 Nd7 (11... Qxa1 12. Ba3) 12.
Bg5 f6 13. Qxe6+ Kd8 14. Bf4 Qa5 15. Rfd1 Re8 16. Qf7 Rxe2 17. Bh3 Re7 18. Qg8+
Re8 19. Qxg7 Re7 20. Qh8+ Re8 21. Qxf6+ Re7 22. Bxd7 1-0

[Event "Club Championships"]
[Site "Wellington Chess Club"]
[Date "2017.11.16"]
[Round "9.1.3"]
[White "Perry, Roger"]
[Black "Dive, Russell"]
[Result "0-1"]
[WhiteElo "2124"]
[BlackElo "2434"]

1. e4 c6 2. d4 d5 3. e5 Bf5 4. h4 h5 5. Bd3 Bxd3 6. Qxd3 e6 7. Nf3 Qa5+ 8. Bd2
Qa6 9. Qxa6 Nxa6 10. Nc3 Ne7 11. O-O-O Nf5 12. Bg5 b5 13. Ne2 b4 14. Rh3 Nc7
15. Ne1 Nb5 16. c3 bxc3 17. bxc3 c5 18. Nc2 Rc8 19. a4 Nc7 20. dxc5 Bxc5 21.
Ned4 Ne7 22. Be3 Na8 23. Nb5 Bxe3+ 24. Nxe3 O-O 25. Kd2 Ng6 26. Nxa7 Rc5 27.
Nb5 Nb6 28. Ra1 Ra8 29. Rhh1 Nxe5 30. Rhb1 Rxa4 31. Rxa4 Nxa4 32. f4 Nc4+ 33.
Nxc4 Rxc4 34. Rb4 Nb6 35. Nd4 Rxb4 36. cxb4 Kf8 37. b5 Ke7 38. Kc3 Kd6 39. Kb4
Nc4 40. Nc6 f6 41. Nd4 g6 42. g3 e5 43. fxe5+ fxe5 44. Nc6 e4 45. Nd4 Ne5 46.
Ka5 e3 47. Ka6 Kc5 48. Ne6+ Kc4 49. Nf4 d4 50. b6 Nd7 51. b7 Nc5+ 52. Kb6 Nxb7
0-1

[Event "Club Championships"]
[Site "Wellington Chess Club"]
[Date "2017.11.16"]
[Round "9.1.4"]
[White "Croad, Nicolas"]
[Black "Ker, Anthony"]
[Result "1-0"]
[WhiteElo "2393"]
[BlackElo "2489"]

1. e4 c5 2. Nf3 g6 3. d4 cxd4 4. Nxd4 Nc6 5. Nc3 Bg7 6. Be3 Nf6 7. Bc4 O-O 8.
Bb3 a5 9. O-O a4 10. Nxa4 Nxe4 11. Nb5 Ra6 12. c4 d6 13. Qe2 Nf6 14. h3 Be6 15.
Rad1 Qb8 16. Nb6 Ne5 17. Nd5 Nxd5 18. cxd5 Bc8 19. Rc1 Bf5 20. Rfd1 Rc8 21.
Rxc8+ Bxc8 22. Rc1 b6 23. Nd4 Bb7 24. Qb5 Qd8 25. Nc6 Nxc6 26. dxc6 Bc8 27. c7
Qf8 28. Bxb6 Bxb2 29. Rc2 Be5 30. Be3 e6 31. f4 Bf6 32. a4 d5 33. Rc6 Rxc6 34.
Qxc6 Kg7 35. Bc5 Qh8 36. a5 Kh6 37. Qd6 Bd4+ 38. Bxd4 Qxd4+ 39. Kh2 Kg7 40.
Qe5+ Qxe5 41. fxe5 f6 42. Bd1 fxe5 43. Be2 d4 44. a6 1-0

[Event "Club Championships"]
[Site "Wellington Chess Club"]
[Date "2017.11.16"]
[Round "9.1.5"]
[White "Nijman, Brian"]
[Black "Jackson, Ross"]
[Result "1-0"]
[WhiteElo "2147"]
[BlackElo "2020"]

1. d4 Nf6 2. Bg5 Ne4 3. Bf4 d5 4. Nd2 Bf5 5. Nxe4 Bxe4 6. c3 c6 7. f3 Bf5 8. e4
dxe4 9. Bc4 e6 10. fxe4 Bxe4 11. Nf3 Bxf3 12. Qxf3 Nd7 13. O-O Nf6 14. Rae1 Be7
15. Be5 Qd7 16. a4 O-O 17. Qh3 Qd8 18. Bd3 g6 19. Rf4 Nh5 20. Rg4 Bg5 21. Bc4
h6 22. Rf1 Kh7 23. Re4 f5 24. Re2 Qd7 25. Rfe1 Rae8 26. Qd3 Re7 27. Qc2 b5
{Brian and Ross possibly went to the same handwriting finishing school. White
won in 53 moves} 1-0

[Event "Club Championships"]
[Site "Wellington Chess Club"]
[Date "2017.11.16"]
[Round "9.2.1"]
[White "Chen, Wei Kai"]
[Black "Benitez, Edgar"]
[Result "1/2-1/2"]
[WhiteElo "1813"]
[BlackElo "1803"]

1. b3 e5 2. Bb2 Nc6 3. e3 Nf6 4. Nf3 d6 5. Be2 g6 6. O-O Bg7 7. c4 O-O 8. d4
exd4 9. Nxd4 Nxd4 10. Bxd4 b6 11. Bf3 Rb8 12. Na3 Bb7 13. Bxb7 Rxb7 14. Qf3 Rb8
15. Nb5 Ra8 16. Nxc7 Qxc7 17. Bxf6 Bxf6 18. Qxf6 Rfe8 19. Rfd1 Re6 20. Qf4 Rd8
21. Rd5 Qe7 22. Rad1 Re4 23. Rxd6 Rxf4 24. Rxd8+ Kg7 25. exf4 Qe2 26. R8d2 Qe4
27. g3 h5 28. h4 Qf3 29. Rc1 Qe4 30. a3 Qf3 31. Rb2 a5 32. c5 bxc5 33. Rxc5
Qd1+ 34. Kh2 Qa1 35. Rd2 Qxa3 36. Re5 Qb4 37. Rd3 a4 38. bxa4 Qxa4 39. f5 Qc2
40. Rf3 Qd1 41. Kg2 Qd4 42. Rfe3 Kf6 43. fxg6 fxg6 44. Re6+ Kf7 45. R6e4 Qd5
46. Rf3+ Kg7 47. Ref4 Kg8 48. g4 hxg4 49. Rxg4 Kh7 50. Rg5 Qd8 51. Rfg3 Qa8+
52. Kh2 Qa7 53. Rg2 Qc7+ 54. R5g3 Qf4 55. f3 Qe5 56. Ra2 Qe3 57. Rc2 Qe5 58.
Rc6 Qe2+ 59. Rg2 Qxf3 60. Rcxg6 Qf4+ 61. R6g3 Kh6 62. Ra2 Qd6 63. Rg2 Qf4 64.
Kh3 Qf5+ 65. Kh2 Qf4 66. Kh3 Qf5+ 1/2-1/2

[Event "Club Championships"]
[Site "Wellington Chess Club"]
[Date "2017.11.16"]
[Round "9.2.2"]
[White "Brockway, Andrew"]
[Black "Rossiter, Philip"]
[Result "0-1"]
[WhiteElo "1899"]
[BlackElo "1978"]

1. e4 c5 2. Nc3 Nc6 3. Bb5 Nd4 4. Bc4 g6 5. Nge2 Bg7 6. Nxd4 cxd4 7. Qf3 e6 8.
Ne2 Ne7 9. O-O Qc7 10. d3 b6 11. Bf4 d6 12. Qg3 e5 13. Bg5 O-O 14. Qh4 Nc6 15.
Rac1 Na5 16. Bd5 Bb7 17. Bxb7 Nxb7 18. Bh6 Qd7 19. f4 f5 20. Bxg7 Qxg7 21. exf5
Rxf5 22. Ng3 Rxf4 23. Rxf4 exf4 24. Qxf4 Rf8 25. Qe4 Qe5 26. Qxb7 (26. Qxe5
dxe5 27. Ne4 Nc5 28. Nxc5 bxc5 29. Re1) 26... Qe3+ 0-1

[Event "Club Championships"]
[Site "Wellington Chess Club"]
[Date "2017.11.16"]
[Round "9.2.3"]
[White "Stoeveken, Peter"]
[Black "Aldridge, Alan"]
[Result "0-1"]
[WhiteElo "1849"]
[BlackElo "1936"]

1. d4 Nf6 2. Bg5 Ne4 3. Bh4 g5 4. Bg3 Nxg3 5. fxg3 d5 6. Nf3 h6 7. e3 Bg7 8.
Bd3 Nc6 9. c3 Be6 10. Nbd2 a6 11. e4 O-O 12. Qc2 b5 13. e5 b4 14. Nb3 a5 15.
Nc5 Bc8 16. Bf5 e6 17. Bg4 Qe7 18. O-O Nxe5 19. Nxe5 Bxe5 20. Rae1 Bd6 21. Nd3
c5 22. Rf3 cxd4 23. Ref1 f5 24. Bh5 dxc3 25. bxc3 Ba6 26. Re1 g4 27. Nf4 Bxf4
28. Rxf4 Qc5+ 29. Kh1 Qxc3 30. Qb1 Bd3 31. Qd1 Qc2 32. Rxg4+ Kh8 33. Rg6 Qxd1
34. Bxd1 Be4 35. Rxh6+ Kg7 36. Rxe6 Rfc8 37. Bf3 Rc2 38. Bxe4 fxe4 39. Rd6 Rxa2
40. Rxd5 b3 41. h4 Re8 42. Rb5 b2 43. Rb1 e3 44. R5xb2 Rxb2 0-1

[Event "Club Championships"]
[Site "Wellington Chess Club"]
[Date "2017.11.16"]
[Round "9.3.1"]
[White "Sole, Michael"]
[Black "Wight, Joshua"]
[Result "1-0"]
[WhiteElo "1632"]
[BlackElo "1609"]

1. e4 b6 2. d4 Bb7 3. Bd3 e6 4. Nc3 Bb4 5. Ne2 Nf6 6. a3 Be7 7. O-O d5 8. e5
Nfd7 9. f4 g6 10. Ng3 a6 11. Nce2 c5 12. c3 Nc6 13. Be3 Na5 14. Nh1 Qc7 15. Rc1
c4 16. Bc2 b5 17. Nf2 Nc6 18. Ng3 a5 19. Qe2 a4 20. Nh3 h6 21. Qg4 O-O-O 22.
Qe2 Rdg8 23. Ra1 Nb6 24. Nf2 Bd8 25. Bd2 Ne7 26. Be1 Nf5 27. Bxf5 gxf5 28. Nh5
Qd7 29. Kh1 Na8 30. g4 fxg4 31. Nxg4 Rg6 32. Ngf6 Qc6 33. Bh4 Nc7 34. Rg1 Ne8
35. Nxe8 Qxe8 36. Bxd8 Kxd8 37. Nf6 Qf8 38. Qh5 Rxg1+ 39. Rxg1 Bc6 40. Qg4 Kc7
41. Qg7 Be8 42. Rg3 Kd8 43. Kg2 Ke7 44. Kh3 Qxg7 45. Rxg7 Kf8 46. Rg3 Bc6 47.
Kh4 Be8 48. Kg4 Kg7 49. Rh3 Kg6 50. Rh5 Bc6 51. f5+ exf5+ 52. Rxf5 Bb7 53. Rf3
Bc8+ 54. Kf4 h5 55. Nxd5 Kh6 56. Nf6 1-0

[Event "Club Championships"]
[Site "Wellington Chess Club"]
[Date "2017.11.16"]
[Round "9.3.2"]
[White "Wevers, Alexis"]
[Black "Thorpe, Richard"]
[Result "1-0"]
[WhiteElo "1654"]
[BlackElo "1727"]

1. d4 Nf6 2. Bf4 e6 3. Nf3 c5 4. Nc3 cxd4 5. Nxd4 Bb4 6. Nb5 Nd5 7. Bd6 Bxc3+
8. Nxc3 Nxc3 9. bxc3 Nc6 10. e4 Qa5 11. Qd2 f6 12. Be2 b6 13. O-O Ba6 14. Bxa6
Qxa6 15. Rfd1 Qb7 16. f4 e5 17. fxe5 Nxe5 18. Qd4 Rc8 19. Bxe5 fxe5 20. Qxe5+
Kf7 21. Rf1+ Kg8 22. Qe7 h6 23. Rf7 Rh7 24. Raf1 Qb8 25. Qxd7 a5 26. Qe6 Kh8
27. Qxc8+ Qxc8 28. Rf8+ Qxf8 29. Rxf8# 1-0

[Event "Club Championships"]
[Site "Wellington Chess Club"]
[Date "2017.11.16"]
[Round "9.3.3"]
[White "Winter, Ryan"]
[Black "Rabina, Romeo"]
[Result "1-0"]
[WhiteElo "1711"]
[BlackElo "1767"]

1. e4 b6 2. d4 Bb7 3. Bd3 e6 4. Nf3 Nf6 5. Qe2 c5 6. c3 Be7 7. O-O O-O 8. Nbd2
d6 9. e5 dxe5 10. dxe5 Nd5 11. Ne4 Qc8 12. a3 f5 13. exf6 Nxf6 14. Neg5 Bxf3
15. Qxf3 Qc6 16. Qxc6 Nxc6 17. Nxe6 1-0

[Event "Club Championships"]
[Site "Wellington Chess Club"]
[Date "2017.11.16"]
[Round "9.4.1"]
[White "Konakanchi, Karthik"]
[Black "Kibblewhite, Daniel"]
[Result "0-1"]
[WhiteElo "1504"]
[BlackElo "1400"]

1. e4 e6 2. d4 d5 3. exd5 exd5 4. Nf3 Nf6 5. Bf4 Bd6 6. Qd2 O-O 7. Nc3 Re8+ 8.
Be2 Bf5 9. Bxd6 Qxd6 10. O-O Nc6 11. a3 a6 12. Rfe1 Ne4 13. Nxe4 dxe4 14. Nh4
Nxd4 15. c3 Nxe2+ 16. Qxe2 Bd7 17. Qc4 Qc6 18. Qd4 g5 19. Rad1 Rad8 20. Nf3
exf3 21. Rxe8+ Rxe8 22. gxf3 Bh3 23. Qd3 g4 24. Qf5 Qxf3 25. Qxf3 gxf3 26. Kh1
Re2 27. Kg1 Rxb2 0-1

[Event "Club Championships"]
[Site "Wellington Chess Club"]
[Date "2017.11.16"]
[Round "9.4.2"]
[White "Leask, Hamish"]
[Black "De Briey, Aurian"]
[Result "1/2-1/2"]
[WhiteElo "1570"]
[BlackElo "1549"]

1. e4 c6 2. f4 d5 3. Bd3 dxe4 4. Bxe4 Nf6 5. Bf3 Bf5 6. Ne2 h6 7. d3 Nbd7 8.
Ng3 Bh7 9. Be3 e6 10. O-O Bc5 11. Bxc5 Nxc5 12. Kh1 Qd4 13. Nc3 O-O 14. Qe2
Rac8 15. Qe5 Qxe5 16. fxe5 Nd5 17. Bxd5 cxd5 18. Rf2 a6 19. d4 Nd7 20. Rc1 f6
21. exf6 Rxf6 22. Kg1 Rxf2 23. Kxf2 b5 24. a3 Nb6 25. Ke2 Nc4 26. Nd1 Rb8 27.
c3 a5 28. Ra1 b4 29. axb4 axb4 30. Ra6 bxc3 31. bxc3 Kf7 32. Ra7+ Kf6 33. Nh5+
Kg5 34. Nxg7 Bf5 35. Ra6 Bg4+ 36. Ke1 Rb1 37. Nxe6+ 1/2-1/2

[Event "Club Championships"]
[Site "Wellington Chess Club"]
[Date "2017.11.16"]
[Round "9.4.3"]
[White "Jacobsen-Grocott, Josiah"]
[Black "Hall, Nathan"]
[Result "1-0"]
[WhiteElo "1238"]
[BlackElo "1278"]

1. d4 e6 2. c4 f5 3. Nf3 Nf6 4. Nc3 Bb4 5. Bd2 b6 6. Qb3 a5 7. e3 Bb7 8. O-O-O
Bxc3 9. Bxc3 O-O 10. Nd2 Ng4 11. Rg1 Nxf2 12. Re1 Qh4 13. Nf3 Bxf3 14. gxf3 Nh3
15. Rg3 Ng5 16. d5 a4 17. Qc2 Rf7 18. Qg2 Nxf3 19. Qxf3 Qe4 20. dxe6 dxe6 21.
Qxe4 fxe4 22. Bh3 Re7 23. Reg1 g6 24. Rg4 Nd7 25. Rd1 Nc5 26. Bb4 Nd3+ 27. Rxd3
c5 28. Bxc5 bxc5 29. Rxe4 Kf7 30. Rd6 e5 31. Rc6 a3 32. b3 Ra5 33. Bc8 h5 34.
Kd2 Re8 35. Ke2 Ra8 36. Ba6 Reb8 37. Bb5 1-0

[Event "Club Championships"]
[Site "Wellington Chess Club"]
[Date "2017.11.16"]
[Round "9.4.4"]
[White "Tagos, Bernardo"]
[Black "Theodosiou, Andreas"]
[Result "1-0"]
[WhiteElo "1483"]
[BlackElo "1493"]

1. c4 Nf6 2. Nc3 e6 3. g3 Bb4 4. Bg2 O-O 5. Nf3 d5 6. cxd5 Nxd5 7. O-O c6 8. a3
Ba5 9. Qc2 Nf6 10. e4 Nbd7 11. e5 Ng4 12. d4 f6 13. h3 Ngxe5 14. dxe5 Nxe5 15.
Nxe5 fxe5 16. Be4 h5 17. Bh7+ Kh8 18. Qg6 Qf6 19. Qxh5 1-0

[Event "Club Championships"]
[Site "Wellington Chess Club"]
[Date "2017.11.16"]
[Round "9.4.5"]
[White "Darr, Samuel"]
[Black "Konakanchi, Pramodh"]
[Result "1-0"]
[WhiteElo "1444"]
[BlackElo "1106"]

1. e4 e5 2. Nf3 Nc6 3. Bc4 Bc5 4. d3 h6 5. Be3 Bxe3 6. fxe3 Nf6 7. Nc3 d6 8. h3
O-O 9. d4 exd4 10. exd4 Qe8 11. Qe2 Bd7 12. O-O Na5 13. Bd3 Qe7 14. Rae1 Rfe8
15. e5 dxe5 16. dxe5 Rad8 17. exf6 Qxe2 18. Rxe2 Rxe2 19. Bxe2 gxf6 20. Nd5 Kg7
21. Nxc7 Nc4 22. Bxc4 b5 23. Bxb5 Rb8 24. Bxd7 Rxb2 1-0

[Event "Club Championships"]
[Site "Wellington Chess Club"]
[Date "2017.11.16"]
[Round "9.4.6"]
[White "Zhao, Aiden"]
[Black "He, Caleb"]
[Result "0-1"]
[WhiteElo "1279"]
[BlackElo "1413"]

1. e4 c5 2. Nf3 Nc6 3. d4 cxd4 4. Nxd4 g6 5. Nxc6 bxc6 6. Bf4 Bg7 7. Qf3 Bxb2
8. Qg3 d6 9. Bd2 Bxa1 10. Bc3 Bxc3+ 11. Qxc3 Nf6 12. Qxc6+ Bd7 13. Qc4 O-O 14.
Bd3 Qa5+ 15. Nc3 Rfc8 16. Qd4 Qxc3+ 17. Qxc3 Rxc3 18. O-O Rb8 19. h3 Rb2 0-1